Батьки і діти (Запис № 437686)

МАРК-запис
000 -Лідер
fixed length control field 00635nam a22002417a 4500
003 - Ідентифікатор контрольного номера
control field UA-OsUOA
001 - Контрольний номер
control field 39177
007 - Фіксоване поле фізичного опису
fixed length control field ta
008 - Елементи даних фіксованої довжини – загальна інформація
fixed length control field 20080312b un ||||| |||| 00| 0 ukr d
090 ## - Локальний шифр розміщення
Класифікаційний індекс УДК 09/82-34
Авторський знак (НП) К73
040 ## - Джерело каталогізації
Агенція оригінальної каталогізації UA-OsUOA
Мова каталогізації ukr
Агенція, яка здійснювала перезапис UA-OsUOA
Агенція, яка здійснювала модифікацію UA-OsUOA
041 ## - Код мови
Код мови тексту/ звукової доріжки чи окремого заголовка (П) ukr
080 ## - Індекс Універсальної десяткової класифікації
Індекс Універсальної десяткової класифікації (УДК) (НП) 09/82-34
100 ## - Основне введення – ім’я особи
Ім’я особи (НП) Котанський О.
245 ## - Відомості про назву
Назва (НП) Батьки і діти
260 ## - Публікація, розповсюдження і т.п. (Вихідні дані)
Місце публікації, розповсюдження і т.п. (П) New Britain
Ім’я/ наймення видавництва, розповсюджувача і т.п. (П) "Світанок"
Дата публікації, розповсюдження і т.п. (П) 1946
246 31 - Інша форма назви
Назва (НП) Драма з народнього життя на 5 дій
300 ## - Фізичний опис
Обсяг 29 с.
650 #7 - Додаткове предметне введення – тематичний термін
Тематичний термін чи географічна назва, як елемент введення (НП) 0 Загальний відділ.
Джерело заголовка чи терміна UDC
942 ## - Додаткові елементи входу (Коха)
Тип елемента Koha Брошура
955 ## - Код типу видання за змістом
Код типу видання за змістом (НП) Наукові видання

Немає доступних примірників.